00707nam a2200217 i 450000100060000000300090000600500170001500700030003200800410003510000340007624500510011025000120016126000360017330000350020949000250024465000280026983000330029785200210033099900170035195201210036820361ES-MaACL20230906152302.0t|021112s1981 sp |||| | spa d1 aAguilar Peris, José.91874310aCurso de termodinámica / cJ. Aguilar Peris. a1ª ed. a[Madrid] : bAlhambra, c[1981] aXIV, 704 p. : bil. ; c24 cm.1 aAlhambra universidad 4aTermodinámica.9174860 aAlhambra universidad9180698 aES-MaACLjL-1458 c20361d20361 00104070aATENEOMbATENEOMcDEPO2d2008-01-17eSCl0oL-1458p1020880r2023-02-23 00:00:00w2023-02-23yMONOGRAFIA